000 00417nam a2200181Ia 4500
001 13412
005 20260306164759.0
008 260306t1998||||xx |||||||||||||| ||spa||
041 _aESP
082 _aS 004
_bM84
100 _aMonroy Olivares, César
_eAUT
245 0 _aTeoría del caos
260 _c1998
300 _a183 páginas :
_c23 cm.
650 _aGEN
654 _aCCC
942 _cLIB
_dJUS
_fJUS
_2ddc
_n
999 _c13412
_d13412